000 00776cam a22002773a 4500
001 30974
003 PGUSA
005 20140828083653.0
008 100115s2010||||xxu|||||s|||||000 1 eng d
040 _aPGUSA
_beng
042 _adc
050 4 _aPR
100 1 _aBlackwood, Algernon,
_d1869-1951
245 1 0 _aJimbo :
_bA Fantasy
_h[electronic resource] /
_cAlgernon Blackwood
260 _bProject Gutenberg,
_c2010
506 _aPublic domain in the USA.
516 _aElectronic text
653 _aEngland -- Fiction
653 _aGovernesses -- Fiction
653 _aBoys -- Fiction
653 _aImagination -- Fiction
653 _aDreams -- Fiction
830 0 _aProject Gutenberg
_v30974
856 4 0 _uhttp://www.gutenberg.org/ebooks/30974
942 _cEB
999 _c260229
_d260229